000
00290 a2200145 4500
001
173755
020
_a
040
_c
Magnum
100
_a
Macario, Pedro
240
1
0
_a
A arvore da alegria
_l
por
245
1
0
_a
A arvore da alegria
362
0
_a
1899
697
_a
IJ/GERAL
942
_c
BK
999
_c
173755
_d
173755